Personnage mystère #6 - Statistiques

Statistiques générales
  • Ce quiz a été pris 470 fois
  • Le résultat moyen est 5 sur 7
Statistiques - réponses
Lettres Indices % Correct
EOMMH Homme
100%
PEAUAHC Chapeau
92%
TEFOU Fouet
63%
VANTEIRURE Aventurier
62%
SESRUFROPE Professeur
61%
EUOGLOHECRA Archéologue
60%
Nom du personnage Indiana Jones
56%
Aucun quiz correspondant
Distribution des résultats
% des personnes avec chaque résultat
Percentile par nombre de réponses
Votre historique - résultats
Vous n’avez pas pris ce quiz